000 00879nam a2200277 a 4500
005 20200104041522.0
008 140228b1999 ck |||||rm||| 00| 0 spa d
040 _aCO-BoIAVH
_cCO-BoIAVH
041 _aspa
044 _ack
090 _aTE
_b0109
100 _aSuárez Miranda, Jorge Roberto
245 _aBanco de semillas del suelo forestal en cuatro estados sucesionales del bosque húmedo tropical
260 _aMalaga (Santander)
_bUniversidad Industrial de Santander
_c1999
300 _a185 p.
650 _aBanco de semillas
650 _aSuelos
650 _aBosques
650 _aSucesión ecológica
650 _aBosque húmedo tropical
650 _aRegeneración natural
650 _aAutoecología
650 _aBiodiversidad
662 _aColombia
_cBajo Calima
_bValle
942 _cTESIS
_2z
999 _c1552
_d1552